Antología de la poesía norteamericana /
Tallennettuna:
| Päätekijä: | |
|---|---|
| Aineistotyyppi: | Kirja |
| Kieli: | espanja |
| Julkaistu: |
México :
UNAM,
1988, c1988
|
| Painos: | 4a edición |
| Sarja: | (Nuestros Clásicos ;
11) |
| Aiheet: | |
| Tagit: |
Ei tageja, Lisää ensimmäinen tagi!
|
MARC
| LEADER | 00000nam^a2200000^a^4500 | ||
|---|---|---|---|
| 001 | 000026242 | ||
| 005 | 20250521000000.0 | ||
| 009 | 20260310084721.662 | ||
| 020 | |a 968-837-219-6 | ||
| 037 | |a Acervo ITESO - Biblioteca | ||
| 041 | |a ESP | ||
| 082 | |a 811. |b BAR | ||
| 100 | |a Bartra, Agustí |e (selección) | ||
| 245 | 1 | 0 | |a Antología de la poesía norteamericana / |c Selec. y versión de A. Bartra. |
| 250 | |a 4a edición | ||
| 264 | 4 | |a México : |b UNAM, |c 1988, c1988 | |
| 300 | |a 329 p. | ||
| 336 | |a texto |b txt |2 rdacontenido | ||
| 337 | |a sin mediación |b n |2 rdamedio | ||
| 338 | |a volumen |b nc |2 rdasoporte | ||
| 440 | 1 | |a (Nuestros Clásicos ; |v 11) | |
| 649 | |a XX | ||
| 650 | |a Poesía Norteamericana | ||
| 650 | |a Literatura Norteamericana | ||
| 910 | |a Fondo General | ||
| 920 | |a Impresos - Libros | ||
| 930 | |a Colección General | ||
| 940 | |a Literatura | ||
| 905 | |a 101 | ||
| 901 | |a 0262420100 |b IT1 |c LIT |i 026242 |u 20250521 | ||
| 902 | |a https://opac.biblio.iteso.mx/vufind/Record/000026242 | ||